000 00547nam a2200181 i 4500
001 31357
003 ES-MaACL
005 20230906154351.0
007 t|
008 030129s1963 sp ||||1| spa d
100 1 _aBendick, Jeanne.
_927481
245 1 0 _aEletrones para todos /
_cJeanne Bendick ; y traducida por Francisco M. Biosca.
250 _aNueva ed. rev. y amp.
260 _aBarcelona :
_bRamón Sopena,
_c1963.
300 _a183 p. :
_bil. ;
_c20 cm.
700 1 _aBiosca, Francisco M.
_928945
852 _aES-MaACL
_jC-25426
_bR.54303
999 _c31357
_d31357